000 00638nam a22002057a 4500
999 _c9404
_d9404
003 AR-CdUCM
008 190327b ||||| |||| 00| 0 spa d
040 _aMUNICIPALIDAD PROVINCIAL DEL CUSCO
_cBIBLIOTECA MUNICIPAL DEL CUSCO
082 _a869.96 /
_bC32
100 _aCofiño, Manuel
_925577
245 _aCuando la sangre se parece al fuego /
260 _aLa Habana :
_bHuracán,
_c1977.
300 _a245 paginas ;
_c18 cm.
500 _aDonación familia Nieto.
505 _aContenido :Cuando la sangre se parece al fuego.
650 _aLiteratura cubana
_9668
650 _aPoesía
_9139
942 _2ddc
_cLIBROS
945 _arum